Statistics for Do you know your anime?

Click here to take the quiz!

General Stats

  • This quiz has been taken 1,004 times
  • The average score is 6 of 12

Answer Stats

CharacterAnime% Correct
Naruto UzimakiNaruto
98%
LDeath Note
92%
Ichigo KurosakiBleach
91%
Ash KetchumPokemon
90%
GenosOne Punch Man
65%
Rin OkumaraBlue Exorcist
62%
Ceil PhantomhiveBlack Butler
58%
Lyon VastiaFairy Tail
40%
Haruka NanaseFree!
28%
Mavis VermillionFairy Tail Zero
10%
ChiChi's Sweet Home!
1%
JumboYotsuba &!
0%

Score Distribution

Percentile by Number Answered

Percent of People with Each Score

Your Score History

You have not taken this quiz